000 00559nam a22001697a 4500
005 20170818141917.0
010 _aENG-119950
020 _a9789385735318
_c600.00
035 _aEN-103482
037 _bDBAD/PUB
082 _a954.084
245 _aTilak in our time:
_cedited by Rsaghnath A. Mashelkar [and] Dileep Padgaonkar
_bcentennial of a clarian call /
260 _aPune
_bLokmanya Tilak Vichar Manch
_c2016
270 _a568,Narayan Peth,Tilak Wada
_bPune
_e411030
300 _a232p.
_c24cm(pbk)
942 _2ddc
_cEN
_mTIL
_h954.084
999 _c143553
_d143553